[Event "Mundial Juvenil 2005 s16"]
[Site "Belfort FRA"]
[Date "2005.07.24"]
[Round "6.9"]
[White "Tologontegin, Semetey"]
[Black "Szabo, Krisztian"]
[Result "1/2-1/2"]
[WhiteElo "2254"]
[BlackElo "2422"]
[PlyCount "122"]
[EventDate "2005.07.19"]
[EventType "swiss"]
[EventRounds "11"]
[EventCountry "FRA"]
[Source "lmi"]
[SourceDate "2005.07.31"]

1. e4 c5 2. Nf3 d6 3. d4 cxd4 4. Nxd4 Nf6 5. Nc3 a6 6. Bg5 e6 7. Be2 Be7 8. O-O
Qc7 9. a4 b6 10. Qd3 Bb7 11. Nb3 Nbd7 12. f4 h6 13. Bxf6 Bxf6 14. f5 O-O 15.
fxe6 fxe6 16. Bg4 Rae8 17. Bh5 Re7 18. Rad1 Nc5 19. Qxd6 Nxe4 20. Qxc7 Rxc7 21.
Nxe4 Bxe4 22. Nd4 e5 23. Rfe1 Bd5 24. Nb5 axb5 25. Rxd5 bxa4 26. Bg6 Rb8 27.
Bd3 Kf7 28. Ra1 Ra8 29. Rb5 Raa7 30. Rb4 a3 31. Rxa3 Rxa3 32. bxa3 Be7 33. Re4
Bc5+ 34. Kf1 Bd4 35. a4 Kf6 36. Ke2 Ke6 37. Rg4 Kd5 38. h3 Re7 39. Be4+ Kc4 40.
Kd2 Rc7 41. Rg6 Kb4 42. Bc6 Rf7 43. Kd3 Rc7 44. Kd2 Kc4 45. Be4 Bc5 46. Bd3+
Kb4 47. Rg4+ Bd4 48. Bb5 Ka3 49. Rg3+ Ka2 50. Bd3 Kb2 51. Rg4 Rf7 52. Be4 Bc3+
53. Ke2 Kc1 54. Rg3 Kb2 55. Rf3 Ra7 56. Rg3 Rxa4 57. Ke3 Ra7 58. Rg6 Bd4+ 59.
Kd2 b5 60. Rg3 Ka1 61. Rb3 Rd7 1/2-1/2

[Event "Mundial Juvenil 2005 s16"]
[Site "Belfort FRA"]
[Date "2005.07.24"]
[Round "6.10"]
[White "Sanikidze, Tornike"]
[Black "Wu, Li"]
[Result "0-1"]
[WhiteElo "2417"]
[BlackElo "2252"]
[PlyCount "82"]
[EventDate "2005.07.19"]
[EventType "swiss"]
[EventRounds "11"]
[EventCountry "FRA"]
[Source "lmi"]
[SourceDate "2005.07.31"]

1. d4 Nf6 2. c4 g6 3. Nc3 Bg7 4. e4 d6 5. Nf3 O-O 6. h3 a5 7. Bg5 Na6 8. Bd3
Qe8 9. g4 e5 10. d5 Bd7 11. Qe2 Nc5 12. Bc2 c6 13. Nd2 Qd8 14. f3 Qb6 15. Rb1
a4 16. Qe3 Qa5 17. a3 Rfe8 18. O-O Kh8 19. f4 cxd5 20. cxd5 exf4 21. Qxf4 Qa7
22. Qe3 Nfxe4 23. Ncxe4 f5 24. Rbe1 fxe4 25. Bf6 Bb5 26. Qd4 b6 27. Bxe4 Bxf1
28. Rxf1 Bxf6 29. Rxf6 Qg7 30. g5 Re5 31. Kh1 Rxg5 32. Qf2 Re8 33. Bc2 Rf5 34.
Rxf5 gxf5 35. Nc4 Ne4 36. Bxe4 fxe4 37. Nxd6 e3 38. Qe2 Rg8 39. Qf1 Rf8 40. Qc4
Qf6 41. Qb4 e2 0-1

[Event "Mundial Juvenil 2005 s16"]
[Site "Belfort FRA"]
[Date "2005.07.24"]
[Round "6.12"]
[White "Caspi, Israel"]
[Black "Krivoborodov, Egor"]
[Result "0-1"]
[WhiteElo "2241"]
[BlackElo "2390"]
[PlyCount "74"]
[EventDate "2005.07.19"]
[EventType "swiss"]
[EventRounds "11"]
[EventCountry "FRA"]
[Source "lmi"]
[SourceDate "2005.07.31"]

1. e4 c5 2. Nf3 Nc6 3. d4 cxd4 4. Nxd4 g6 5. Nc3 Bg7 6. Be3 Nf6 7. Bc4 O-O 8.
Bb3 a5 9. f3 d5 10. Nxd5 Nxd5 11. exd5 Nb4 12. c4 a4 13. a3 Nxd5 14. cxd5 axb3
15. Qxb3 Qa5+ 16. Qc3 Qxd5 17. O-O e5 18. Ne2 Be6 19. Rfd1 Qb5 20. Qd2 Bb3 21.
Nc3 Qa4 22. Nd5 Bxd1 23. Nc7 Qc6 24. Nxa8 Bxf3 25. Rc1 Qb5 26. Nb6 Bc6 27. Nd7
Bxd7 28. Qxd7 e4 29. b4 Qa6 30. Bc5 Ra8 31. b5 Qa4 32. Bb4 h5 33. Qxb7 e3 34.
Rf1 e2 35. Qxf7+ Kh7 36. Re1 Qxb5 37. Kh1 Qe5 0-1

[Event "Mundial Juvenil 2005 s16"]
[Site "Belfort FRA"]
[Date "2005.07.24"]
[Round "6.14"]
[White "Pachta, Paul"]
[Black "Kharchenko, Boris"]
[Result "0-1"]
[WhiteElo "2201"]
[BlackElo "2370"]
[PlyCount "58"]
[EventDate "2005.07.19"]
[EventType "swiss"]
[EventRounds "11"]
[EventCountry "FRA"]
[Source "lmi"]
[SourceDate "2005.07.31"]

1. d4 d5 2. c4 c6 3. Nc3 Nf6 4. Nf3 dxc4 5. a4 Bf5 6. Nh4 Bc8 7. Nf3 Bf5 8. Nh4
Bd7 9. e3 Bg4 10. f3 Bh5 11. g4 Bg6 12. Bxc4 e6 13. Nxg6 hxg6 14. Qe2 Bd6 15.
f4 Bb4 16. Bd2 Qa5 17. Bd3 Nbd7 18. Ne4 Rh3 19. Nf2 Bxd2+ 20. Qxd2 Rxe3+ 21.
Be2 Qxd2+ 22. Kxd2 Nd5 23. a5 N7f6 24. a6 b6 25. Rac1 Kd7 26. Rc4 Rh8 27. Bd3
Rf3 28. Ke2 Rxf4 29. h3 Nxg4 0-1

[Event "Mundial Juvenil 2005 s16"]
[Site "Belfort FRA"]
[Date "2005.07.24"]
[Round "6.15"]
[White "Edouard, Romain"]
[Black "Muheim, Lukas"]
[Result "1-0"]
[WhiteElo "2334"]
[BlackElo "2101"]
[PlyCount "69"]
[EventDate "2005.07.19"]
[EventType "swiss"]
[EventRounds "11"]
[EventCountry "FRA"]
[Source "lmi"]
[SourceDate "2005.07.31"]

1. e4 c5 2. Nf3 Nc6 3. d4 cxd4 4. Nxd4 Nf6 5. Nc3 e5 6. Ndb5 d6 7. Bg5 a6 8.
Na3 b5 9. Bxf6 gxf6 10. Nd5 f5 11. c3 Bg7 12. exf5 Bxf5 13. Nc2 Be6 14. Nce3
O-O 15. g3 f5 16. Qh5 Ra7 17. Bg2 Raf7 18. O-O a5 19. f4 e4 20. Rad1 b4 21. Qe2
Qb8 22. Kh1 Qb7 23. g4 fxg4 24. Bxe4 h5 25. f5 Bd7 26. Nf4 Qb8 27. Nxh5 Ne5 28.
Nxg4 Bxf5 29. Rxf5 Rxf5 30. Nxg7 Kxg7 31. Nxe5 Rxe5 32. Qg4+ Kh8 33. Qh5+ Kg7
34. Qh7+ Kf6 35. Rf1+ 1-0

[Event "Mundial Juvenil 2005 s16"]
[Site "Belfort FRA"]
[Date "2005.07.24"]
[Round "6.16"]
[White "Krishnamoorthy, Vljay Keerthi"]
[Black "Stupak, Kirill"]
[Result "0-1"]
[WhiteElo "2192"]
[BlackElo "2331"]
[PlyCount "112"]
[EventDate "2005.07.19"]
[EventType "swiss"]
[EventRounds "11"]
[EventCountry "FRA"]
[Source "lmi"]
[SourceDate "2005.07.31"]

1. e4 e6 2. d4 d5 3. exd5 exd5 4. Nf3 Bg4 5. Be2 Bd6 6. O-O Ne7 7. Ne5 Bxe2 8.
Qxe2 O-O 9. f4 c5 10. dxc5 Bxc5+ 11. Kh1 Nbc6 12. Nc3 Nxe5 13. Qxe5 Nc6 14.
Qxd5 Qxd5 15. Nxd5 Rad8 16. c4 Na5 17. b3 b5 18. Rd1 bxc4 19. Bd2 Nxb3 20. axb3
Rxd5 21. bxc4 Rd4 22. Bc3 Rxf4 23. Ra4 Re8 24. g3 Rf2 25. Ra5 Bb6 26. Re5 Rxe5
27. Bxe5 Rc2 28. Bd4 Bxd4 29. Rxd4 g6 30. Rd7 Rxc4 31. Rxa7 Rc2 32. Kg1 Kg7 33.
h4 Kf6 34. Rb7 h6 35. Ra7 g5 36. Ra6+ Kg7 37. h5 Re2 38. Rb6 Re6 39. Rb5 Kf6
40. Kf2 g4 41. Rb4 Kg5 42. Rb5+ f5 43. Ra5 Rb6 44. Ra8 Rb2+ 45. Ke3 Rb3+ 46.
Kf2 Kxh5 47. Rg8 Rb6 48. Ke3 Rg6 49. Rf8 Kg5 50. Kd4 Re6 51. Rg8+ Kf6 52. Rf8+
Kg6 53. Rg8+ Kf7 54. Ra8 f4 55. gxf4 g3 56. f5 Re1 0-1

[Event "Mundial Juvenil 2005 s16"]
[Site "Belfort FRA"]
[Date "2005.07.24"]
[Round "6.17"]
[White "Tomczak, Jacek"]
[Black "Fougerit, Valentin"]
[Result "0-1"]
[WhiteElo "2329"]
[BlackElo "2138"]
[PlyCount "94"]
[EventDate "2005.07.19"]
[EventType "swiss"]
[EventRounds "11"]
[EventCountry "FRA"]
[Source "lmi"]
[SourceDate "2005.07.31"]

1. e4 e5 2. d4 exd4 3. Nf3 Nc6 4. Bc4 Nf6 5. Ng5 d5 6. exd5 Qe7+ 7. Kf1 Ne5 8.
Qxd4 Nxc4 9. Qxc4 h6 10. Nf3 Qc5 11. Qe2+ Be7 12. c4 Nxd5 13. Na3 Nf6 14. Be3
Qa5 15. Bd2 Qb6 16. Nb5 Be6 17. Bf4 Rc8 18. Nbd4 O-O 19. Re1 Bb4 20. Rd1 Bg4
21. h3 Bh5 22. g4 Rfe8 23. Be3 Bg6 24. Kg2 Be4 25. a3 Bc5 26. b4 Bxd4 27. Rxd4
Qe6 28. Kg3 Qa6 29. Ra1 Nd5 30. Bd2 Qd6+ 31. Kg2 Nf4+ 32. Bxf4 Qxd4 33. Rd1 Qc3
34. Be3 Qxa3 35. b5 Rcd8 36. Rc1 Rd3 37. Qf1 Rc3 38. Ra1 Qb3 39. Rxa7 Rxc4 40.
Kg3 Bxf3 41. Kxf3 Qxb5 42. Qd1 Qc6+ 43. Kg3 b5 44. Bf4 Qb6 45. Qd7 Rc3+ 46. f3
Qg1+ 47. Kh4 Qe1+ 0-1

[Event "Mundial Juvenil 2005 s16"]
[Site "Belfort FRA"]
[Date "2005.07.24"]
[Round "6.18"]
[White "Nakhapetiane, Pogos"]
[Black "Volodin, Aleksandr"]
[Result "1-0"]
[WhiteElo "2325"]
[BlackElo "2159"]
[PlyCount "55"]
[EventDate "2005.07.19"]
[EventType "swiss"]
[EventRounds "11"]
[EventCountry "FRA"]
[Source "lmi"]
[SourceDate "2005.07.31"]

1. e4 c5 2. Nf3 Nc6 3. d4 cxd4 4. Nxd4 Nf6 5. Nc3 e5 6. Ndb5 h6 7. Nd6+ Bxd6 8.
Qxd6 Qe7 9. Qxe7+ Kxe7 10. Be3 d6 11. f3 Be6 12. O-O-O a6 13. g4 Rac8 14. h4 b5
15. Kb1 Na5 16. Rh2 Nc4 17. Bxc4 Rxc4 18. Rhd2 Rc6 19. Ne2 Ne8 20. Nc1 h5 21.
g5 g6 22. Nd3 Nc7 23. Nb4 Rc4 24. Rxd6 Rc8 25. Nc6+ Kf8 26. Nxe5 Ra4 27. b3 Ra3
28. Bc5 1-0

[Event "Mundial Juvenil 2005 s16"]
[Site "Belfort FRA"]
[Date "2005.07.24"]
[Round "6.19"]
[White "Toufighi, Homayoon"]
[Black "Hammer, Jon Ludvig"]
[Result "1/2-1/2"]
[WhiteElo "2170"]
[BlackElo "2318"]
[PlyCount "64"]
[EventDate "2005.07.19"]
[EventType "swiss"]
[EventRounds "11"]
[EventCountry "FRA"]
[Source "lmi"]
[SourceDate "2005.07.31"]

1. e4 e5 2. Nf3 Nf6 3. Nc3 Nc6 4. d4 exd4 5. Nd5 Be7 6. Bf4 O-O 7. Bc4 d6 8.
Nxd4 Nxd5 9. Nxc6 bxc6 10. exd5 Bf6 11. Rb1 Rb8 12. O-O cxd5 13. Bxd5 Rxb2 14.
Qd3 Rxb1 15. Rxb1 Bg5 16. Be3 Bxe3 17. Qxe3 a6 18. h3 Bf5 19. Qc3 Be6 20. Bxe6
fxe6 21. Rb7 Rf7 22. Qc4 Qf6 23. Rb8+ Rf8 24. Rxf8+ Kxf8 25. Qxa6 Qa1+ 26. Kh2
Qe5+ 27. g3 Qc5 28. Qe2 Qd4 29. h4 c5 30. a3 Ke7 31. Qf3 Qd2 32. c3 Qa2 1/2-1/2

[Event "Mundial Juvenil 2005 s16"]
[Site "Belfort FRA"]
[Date "2005.07.24"]
[Round "6.20"]
[White "Maenhout, Thibaut"]
[Black "Kalashian, David"]
[Result "1-0"]
[WhiteElo "2150"]
[BlackElo "2292"]
[PlyCount "103"]
[EventDate "2005.07.19"]
[EventType "swiss"]
[EventRounds "11"]
[EventCountry "FRA"]
[Source "lmi"]
[SourceDate "2005.07.31"]

1. e4 c5 2. Nf3 d6 3. d4 cxd4 4. Nxd4 Nf6 5. Nc3 a6 6. Be3 e5 7. Nb3 Be6 8. f3
Be7 9. Qd2 O-O 10. O-O-O Nbd7 11. g4 b5 12. h4 b4 13. Nd5 Bxd5 14. exd5 a5 15.
Kb1 Qc7 16. Bb5 a4 17. Nc1 Nb6 18. Bc6 Ra5 19. Bxb6 Qxb6 20. Rhg1 Rb8 21. g5
Nh5 22. Nd3 a3 23. Rg4 Nf4 24. Nxf4 exf4 25. b3 g6 26. Rxf4 Bf8 27. Re1 Bg7 28.
Qe3 Qxe3 29. Rxe3 Ra7 30. Kc1 Bc3 31. Rfe4 Kg7 32. Kd1 h6 33. f4 hxg5 34. fxg5
Rc7 35. Ke2 Rh8 36. Rxc3 bxc3 37. b4 Rb8 38. b5 Kf8 39. Kd3 Re7 40. Ra4 Re1 41.
Kxc3 Re3+ 42. Kb4 Rh3 43. Rxa3 Rxh4+ 44. c4 Rg4 45. Rh3 Kg7 46. a4 Rg1 47. a5
Rb1+ 48. Rb3 Ra1 49. Ra3 Rb1+ 50. Ka4 Rc1 51. a6 Rxc4+ 52. Ka5 1-0

[Event "Mundial Juvenil 2005 s16"]
[Site "Belfort FRA"]
[Date "2005.07.26"]
[Round "7.1"]
[White "Warakomski, Tomasz"]
[Black "Nepomniachtchi, Ian"]
[Result "1-0"]
[WhiteElo "2375"]
[BlackElo "2502"]
[PlyCount "97"]
[EventDate "2005.07.19"]
[EventType "swiss"]
[EventRounds "11"]
[EventCountry "FRA"]
[Source "lmi"]
[SourceDate "2005.07.31"]

1. e4 c5 2. Nf3 d6 3. d4 cxd4 4. Nxd4 Nf6 5. Nc3 a6 6. Bc4 e6 7. O-O Nbd7 8.
Bxe6 fxe6 9. Nxe6 Qa5 10. Nd5 Nxd5 11. exd5 Kf7 12. c4 Nf6 13. Re1 Bxe6 14.
dxe6+ Ke7 15. Bd2 Qc7 16. Bb4 Rd8 17. Qe2 g6 18. Rad1 Bg7 19. b3 Rhf8 20. Rd3
Qb6 21. Qd2 Qc6 22. Qg5 b5 23. Red1 bxc4 24. Rxd6 Rxd6 25. Rxd6 Qxd6 26. Bxd6+
Kxd6 27. Qd2+ Kxe6 28. Qe2+ Kd7 29. Qxc4 Rc8 30. Qd4+ Ke7 31. Qb4+ Kd7 32. g3
Ne8 33. Qg4+ Kd8 34. Qh4+ Nf6 35. Qa4 Nd7 36. Qxa6 Rc2 37. Qa8+ Kc7 38. Qa7+
Kd6 39. a4 Rd2 40. Qe3 Rd5 41. Qf4+ Ne5 42. Qb4+ Kc6 43. a5 Rd7 44. Qb6+ Kd5
45. b4 g5 46. a6 Nf3+ 47. Kg2 Ne1+ 48. Kf1 Bd4 49. Qb5+ 1-0

[Event "Mundial Juvenil 2005 s16"]
[Site "Belfort FRA"]
[Date "2005.07.26"]
[Round "7.5"]
[White "Stupak, Kirill"]
[Black "Nguyen, Ngoc Truongson"]
[Result "1/2-1/2"]
[WhiteElo "2331"]
[BlackElo "2554"]
[PlyCount "183"]
[EventDate "2005.07.19"]
[EventType "swiss"]
[EventRounds "11"]
[EventCountry "FRA"]
[Source "lmi"]
[SourceDate "2005.07.31"]

1. d4 Nf6 2. Nf3 b6 3. g3 Bb7 4. Bg2 e6 5. O-O Be7 6. c4 O-O 7. Nc3 Na6 8. a3
Ne4 9. Nxe4 Bxe4 10. b4 Bf6 11. Bb2 d5 12. Qb3 c5 13. dxc5 Bxb2 14. Qxb2 bxc5
15. cxd5 Qxd5 16. Rfd1 Qb7 17. b5 Nb8 18. Rac1 Nd7 19. Qd2 Rad8 20. a4 a6 21.
Qa5 axb5 22. Qxb5 Qxb5 23. axb5 Bd5 24. Ng5 Bb3 25. Rd6 c4 26. Ne4 f5 27. Nd2
Ne5 28. Rxe6 Rxd2 29. Rxe5 g6 30. b6 Rb8 31. b7 c3 32. Rc5 c2 33. Rc8+ Rd8 34.
Rxb8 Rxb8 35. f4 Kf7 36. Kf2 Ke6 37. Ke3 Rd8 38. Bc6 Kd6 39. Bb5 Rb8 40. Ba6
Kc5 41. Kd2 Ba4 42. Ra1 Bc6 43. Kxc2 Bxb7 44. Bd3 Kd4 45. Kd2 Bc6 46. Rc1 Rb2+
47. Rc2 Rb6 48. Rc4+ Kd5 49. Ke3 Rb8 50. Rc1 Re8+ 51. Kd2 Kd6 52. Ra1 Re7 53.
Kc3 h5 54. Kd4 Bb7 55. Ra7 Bc8 56. Rxe7 Kxe7 57. Ke5 Kf7 58. Bc4+ Kg7 59. e3
Bb7 60. Ke6 Be4 61. Ke5 Bc2 62. Bd5 Bd3 63. Bf3 Bb5 64. e4 fxe4 65. Bxe4 Bd7
66. Bf3 Be8 67. Ke6 Bf7+ 68. Ke7 Bc4 69. f5 gxf5 70. Bxh5 Bb3 71. h4 Bc4 72.
Bd1 Kg6 73. Bc2 Bd5 74. Bd3 Be4 75. Be2 Bd5 76. Kd6 Be4 77. Ke5 Bc2 78. Bb5 Kh5
79. Be2+ Kg6 80. Kf4 Kf6 81. h5 Be4 82. Bb5 Bd5 83. Be8 Be6 84. h6 Bg8 85. Bh5
Bh7 86. Be8 Bg8 87. Bd7 Kg6 88. Ke5 Kxh6 89. Kf6 Bc4 90. Bxf5 Be2 91. g4 Bxg4
92. Bxg4 1/2-1/2

[Event "Mundial Juvenil 2005 s16"]
[Site "Belfort FRA"]
[Date "2005.07.26"]
[Round "7.6"]
[White "Wu, Li"]
[Black "Michalik, Peter"]
[Result "1-0"]
[WhiteElo "2252"]
[BlackElo "2397"]
[PlyCount "37"]
[EventDate "2005.07.19"]
[EventType "swiss"]
[EventRounds "11"]
[EventCountry "FRA"]
[Source "lmi"]
[SourceDate "2005.07.31"]

1. e4 c5 2. Nf3 d6 3. d4 cxd4 4. Nxd4 Nf6 5. Nc3 a6 6. Bc4 e6 7. O-O Nxe4 8.
Nxe4 d5 9. Bg5 Be7 10. Bxe7 Kxe7 11. Qg4 Kf8 12. Rad1 Qc7 13. Bb3 dxe4 14. Qxe4
Nd7 15. Nxe6+ fxe6 16. Qxe6 Ne5 17. Qd5 Nf7 18. Qf3 Qe7 19. Rd8+ 1-0

[Event "Mundial Juvenil 2005 s16"]
[Site "Belfort FRA"]
[Date "2005.07.26"]
[Round "7.7"]
[White "Krivoborodov, Egor"]
[Black "Barnett, Alexander"]
[Result "1-0"]
[WhiteElo "2390"]
[BlackElo "2193"]
[PlyCount "95"]
[EventDate "2005.07.19"]
[EventType "swiss"]
[EventRounds "11"]
[EventCountry "FRA"]
[Source "lmi"]
[SourceDate "2005.07.31"]

1. e4 c5 2. Nf3 e6 3. d4 cxd4 4. Nxd4 a6 5. Bd3 Bc5 6. Be3 Qb6 7. c3 Nc6 8. Nd2
d6 9. N2b3 Qc7 10. Nxc5 dxc5 11. Nxc6 Qxc6 12. Qg4 g6 13. O-O-O Bd7 14. Qg5 c4
15. Bc2 f6 16. Qg3 Ne7 17. Rd6 Qc8 18. Rhd1 Bc6 19. Bb6 O-O 20. Rd8 Rxd8 21.
Rxd8+ Qxd8 22. Bxd8 Rxd8 23. Qf4 Rf8 24. e5 fxe5 25. Qxe5 Bd5 26. Be4 Nc6 27.
Qd6 Rd8 28. Qf4 Rf8 29. Qe3 Ne5 30. Qg3 Bxe4 31. Qxe5 Bd5 32. f3 Rf5 33. Qc7
Rf7 34. Qd6 Kg7 35. Qe5+ Kg8 36. Kd2 Rd7 37. Ke3 Rf7 38. h4 Rf5 39. Qc7 Rf7 40.
Qd6 Kg7 41. Qe5+ Kg8 42. h5 Rf5 43. Qb8+ Rf8 44. Qg3 Kg7 45. Qg5 Kf7 46. h6 Ke8
47. Qe5 Ke7 48. Qc7+ 1-0

[Event "Mundial Juvenil 2005 s16"]
[Site "Belfort FRA"]
[Date "2005.07.26"]
[Round "7.8"]
[White "Kharchenko, Boris"]
[Black "Maenhout, Thibaut"]
[Result "1-0"]
[WhiteElo "2370"]
[BlackElo "2150"]
[PlyCount "79"]
[EventDate "2005.07.19"]
[EventType "swiss"]
[EventRounds "11"]
[EventCountry "FRA"]
[Source "lmi"]
[SourceDate "2005.07.31"]

1. e4 c5 2. c3 d5 3. exd5 Qxd5 4. d4 Nf6 5. Nf3 Bg4 6. Be2 e6 7. h3 Bh5 8. O-O
Nc6 9. Be3 cxd4 10. cxd4 Be7 11. Nc3 Qd6 12. Qb3 O-O 13. Rfd1 Rfd8 14. a3 Rac8
15. Rac1 Nd5 16. Nxd5 Qxd5 17. Qxd5 Rxd5 18. g4 Bg6 19. Ne5 Be4 20. f3 Bg6 21.
b4 Bf6 22. Nxc6 Rxc6 23. Rxc6 bxc6 24. Rc1 Rd6 25. Ba6 h5 26. Bb7 Bxd4 27. Bxd4
Rxd4 28. Rxc6 Rd7 29. Rc8+ Kh7 30. Bc6 Rd1+ 31. Kf2 a6 32. Bb7 h4 33. Bxa6 Rd2+
34. Ke3 Rh2 35. Bf1 Rb2 36. Rc3 f6 37. b5 f5 38. gxf5 Bxf5 39. a4 Rb4 40. a5
1-0

[Event "Mundial Juvenil 2005 s16"]
[Site "Belfort FRA"]
[Date "2005.07.26"]
[Round "7.9"]
[White "Mingachev, Mansur"]
[Black "Nakhapetiane, Pogos"]
[Result "1/2-1/2"]
[WhiteElo "2337"]
[BlackElo "2325"]
[PlyCount "106"]
[EventDate "2005.07.19"]
[EventType "swiss"]
[EventRounds "11"]
[EventCountry "FRA"]
[Source "lmi"]
[SourceDate "2005.07.31"]

1. d4 Nf6 2. e3 g6 3. Bd3 Bg7 4. f4 d6 5. Nf3 O-O 6. O-O Nc6 7. c3 e5 8. e4
exd4 9. Nxd4 Nxd4 10. cxd4 c6 11. Kh1 Ng4 12. Be2 Qh4 13. Bxg4 Bxg4 14. Qd3
Rfe8 15. Nc3 b5 16. Be3 Qe7 17. e5 Rad8 18. Qc2 Qb7 19. Qf2 c5 20. dxc5 dxe5
21. fxe5 b4 22. Ne2 Rxe5 23. Ng3 Bh3 24. Rae1 h5 25. Kg1 Be6 26. Rd1 Red5 27.
Rxd5 Qxd5 28. b3 a5 29. Ne2 Qe4 30. Ng3 Qd3 31. c6 Re8 32. Qd2 Qxd2 33. Bxd2
Rc8 34. Rc1 Bd5 35. Be3 a4 36. c7 axb3 37. axb3 h4 38. Ne2 Bxb3 39. Bd4 Ba2 40.
Bxg7 Kxg7 41. Nf4 Be6 42. Nxe6+ fxe6 43. Kf2 Kf6 44. Kf3 b3 45. Kg4 b2 46. Rf1+
Ke5 47. Rb1 Rxc7 48. Rxb2 Rc4+ 49. Kg5 Kd4 50. Kxg6 e5 51. Kf5 e4 52. Kf4 Kd3
53. Rb3+ Kd4 1/2-1/2

[Event "Mundial Juvenil 2005 s16"]
[Site "Belfort FRA"]
[Date "2005.07.26"]
[Round "7.13"]
[White "Lapcevic, Milos"]
[Black "Bachmann, Axel"]
[Result "1-0"]
[WhiteElo "2269"]
[BlackElo "2410"]
[PlyCount "75"]
[EventDate "2005.07.19"]
[EventType "swiss"]
[EventRounds "11"]
[EventCountry "FRA"]
[Source "lmi"]
[SourceDate "2005.07.31"]

1. d4 d5 2. c4 dxc4 3. Nf3 Nf6 4. e3 e6 5. Bxc4 a6 6. O-O b5 7. Bd3 c5 8. a4 b4
9. Nbd2 Bb7 10. e4 Nbd7 11. e5 Nd5 12. Nc4 h6 13. Nfd2 N7b6 14. f4 Nxc4 15.
Nxc4 Nb6 16. f5 exf5 17. Nxb6 Qxb6 18. Bxf5 Bd5 19. Qg4 Rd8 20. a5 Qc6 21. Be3
c4 22. Rae1 g6 23. Bb1 Be7 24. h4 h5 25. Qg3 Be6 26. Rf4 Qb5 27. Be4 Rd5 28.
Ref1 Qd7 29. Rxf7 Bxf7 30. Rxf7 Qe6 31. Bxd5 Qxd5 32. Rg7 g5 33. Bxg5 Qxd4+ 34.
Kh2 Bc5 35. Be3 Qd5 36. Qg6+ Kd8 37. Bxc5 Qxe5+ 38. Qg3 1-0

[Event "Mundial Juvenil 2005 s16"]
[Site "Belfort FRA"]
[Date "2005.07.26"]
[Round "7.18"]
[White "Dourerassou, Jonathan"]
[Black "Toufighi, Homayoon"]
[Result "0-1"]
[WhiteElo "2358"]
[BlackElo "2170"]
[PlyCount "122"]
[EventDate "2005.07.19"]
[EventType "swiss"]
[EventRounds "11"]
[EventCountry "FRA"]
[Source "lmi"]
[SourceDate "2005.07.31"]

1. e4 e6 2. d4 d5 3. Nc3 dxe4 4. Nxe4 Bd7 5. Bd3 Bc6 6. c3 Nd7 7. Nf3 Ngf6 8.
Bg5 Be7 9. Ng3 Nd5 10. Bd2 Bd6 11. O-O Nf4 12. Be4 Bb5 13. Re1 Nf6 14. Nf5 N4h5
15. Qb3 a6 16. c4 Nxe4 17. Rxe4 Bd7 18. Bg5 f6 19. c5 fxg5 20. Rxe6+ Bxe6 21.
Qxe6+ Kf8 22. cxd6 cxd6 23. Nxd6 Qe7 24. Qf5+ Nf6 25. Nc4 Re8 26. h3 g6 27.
Qxg5 Kg7 28. Nfe5 Nd7 29. Qg4 Nf6 30. Qg3 Rhf8 31. Re1 b5 32. Ne3 Ne4 33. Nf5+
Rxf5 34. Rxe4 Qe6 35. b3 Rf6 36. Qe3 Qd5 37. Rh4 Re7 38. Qg5 Qd6 39. Qh6+ Kg8
40. Re4 Qa3 41. Qg5 Rf5 42. Qd2 Rc7 43. Re1 a5 44. Ng4 Rf8 45. d5 Qb4 46. Qxb4
axb4 47. d6 Rg7 48. Re5 h5 49. Ne3 Rd7 50. Rxb5 Rxd6 51. Rxb4 Rd2 52. Rb6 Kg7
53. a4 Rfxf2 54. Re6 Rfe2 55. Re7+ Kf8 56. Re5 Re1+ 57. Kh2 Rde2 58. a5 Rxe3
59. Rb5 Ra1 60. b4 h4 61. Rg5 Ree1 0-1

[Event "Mundial Juvenil 2005 s16"]
[Site "Belfort FRA"]
[Date "2005.07.26"]
[Round "7.19"]
[White "Larino Nieto, David"]
[Black "Tulay, Kamber Berkay"]
[Result "0-1"]
[WhiteElo "2350"]
[BlackElo "2142"]
[PlyCount "84"]
[EventDate "2005.07.19"]
[EventType "swiss"]
[EventRounds "11"]
[EventCountry "FRA"]
[Source "lmi"]
[SourceDate "2005.07.31"]

1. e4 e6 2. d4 b6 3. Nf3 Bb7 4. Bd3 c5 5. c3 Ne7 6. O-O Ng6 7. Be3 Qc7 8. Na3
a6 9. Rc1 b5 10. Ng5 e5 11. dxe5 Nxe5 12. Bf4 f6 13. Nh3 c4 14. Bb1 Bc5 15. Kh1
O-O 16. Bg3 Qc6 17. b4 cxb3 18. Qxb3+ Qe6 19. Qb2 Qe7 20. Nc2 Nc4 21. Qb3 Kh8
22. Rcd1 Nc6 23. a4 N6a5 24. Qa2 Qxe4 25. Ne3 Qe6 26. Nf4 Qf7 27. Qc2 g6 28.
Qe2 Rae8 29. Qg4 f5 30. Qh3 Bxe3 31. fxe3 Nxe3 32. Bf2 Nac4 33. Qg3 g5 34. Qxg5
Rg8 35. Qh6 Rxg2 36. Nxg2 Bxg2+ 37. Kg1 Bxf1 38. Rxf1 Rg8+ 39. Bg3 Nxf1 40.
Kxf1 f4 41. Bxf4 Rg4 42. Ke2 Rxf4 0-1

[Event "Mundial Juvenil 2005 s16"]
[Site "Belfort FRA"]
[Date "2005.07.26"]
[Round "7.20"]
[White "Hammer, Jon Ludvig"]
[Black "Pudas, Teemu"]
[Result "1-0"]
[WhiteElo "2318"]
[BlackElo "2154"]
[PlyCount "55"]
[EventDate "2005.07.19"]
[EventType "swiss"]
[EventRounds "11"]
[EventCountry "FRA"]
[Source "lmi"]
[SourceDate "2005.07.31"]

1. e4 c5 2. Nf3 Nc6 3. Bb5 Na5 4. c3 a6 5. Ba4 Nf6 6. Bc2 b5 7. O-O Bb7 8. Re1
e6 9. d4 cxd4 10. cxd4 Qc7 11. Bd3 Be7 12. Bg5 h6 13. Bh4 g5 14. Bg3 Qb6 15. h3
d5 16. exd5 Nxd5 17. Nc3 Nxc3 18. bxc3 Rc8 19. Ne5 h5 20. Be2 g4 21. Rc1 Bg5
22. Rc2 h4 23. Bh2 gxh3 24. Bh5 Rc7 25. Qg4 Rxh5 26. Qxh5 Bf6 27. Ng4 Bxd4 28.
Rce2 1-0

[Event "Mundial Juvenil 2005 s16"]
[Site "Belfort FRA"]
[Date "2005.07.27"]
[Round "8.2"]
[White "Nepomniachtchi, Ian"]
[Black "Krivoborodov, Egor"]
[Result "1-0"]
[WhiteElo "2502"]
[BlackElo "2390"]
[PlyCount "101"]
[EventDate "2005.07.19"]
[EventType "swiss"]
[EventRounds "11"]
[EventCountry "FRA"]
[Source "lmi"]
[SourceDate "2005.07.31"]

1. e4 c6 2. d4 d5 3. e5 Bf5 4. Be3 Qb6 5. Qc1 e6 6. Nd2 c5 7. Nb3 c4 8. Nd2 Nc6
9. c3 f6 10. Nxc4 dxc4 11. d5 Bc5 12. dxc6 Qxc6 13. Nf3 Ne7 14. exf6 gxf6 15.
Bxc5 Qxc5 16. Qf4 Rc8 17. Be2 e5 18. Qh6 Ng6 19. Nh4 Nxh4 20. Qxh4 O-O 21. O-O
Kh8 22. Rad1 b5 23. Rd2 Qe7 24. Rfd1 Rcd8 25. Qh6 Rxd2 26. Qxd2 Rc8 27. g3 Kg7
28. b3 cxb3 29. axb3 Qa3 30. c4 Qxb3 31. Qd6 Rf8 32. cxb5 Qc2 33. Bf1 Rf7 34.
Ra1 Rd7 35. Qa3 Be4 36. Qe3 Bb7 37. Rxa7 Qd1 38. Ra3 Qd5 39. f3 Qd1 40. Rd3
Rxd3 41. Qxd3 Qxd3 42. Bxd3 Bxf3 43. Kf2 Bb7 44. Ke3 Kf7 45. Bxh7 Ke6 46. Be4
Bc8 47. b6 f5 48. b7 f4+ 49. Kf3 Bxb7 50. Bxb7 fxg3 51. Ke4 1-0

[Event "Mundial Juvenil 2005 s16"]
[Site "Belfort FRA"]
[Date "2005.07.27"]
[Round "8.3"]
[White "Goginenni, Rohith"]
[Black "Olszewski, Michal"]
[Result "1-0"]
[WhiteElo "2387"]
[BlackElo "2399"]
[PlyCount "69"]
[EventDate "2005.07.19"]
[EventType "swiss"]
[EventRounds "11"]
[EventCountry "FRA"]
[Source "lmi"]
[SourceDate "2005.07.31"]

1. e4 e5 2. Nf3 Nc6 3. Bb5 a6 4. Ba4 Nf6 5. O-O Be7 6. Re1 b5 7. Bb3 d6 8. c3
O-O 9. h3 Na5 10. Bc2 c5 11. d4 Nd7 12. dxc5 dxc5 13. Nbd2 Bb7 14. Nh2 Qc7 15.
Ndf1 Nc4 16. Ng3 Nd6 17. Ng4 Rad8 18. Ne3 Nf6 19. Qf3 g6 20. Rd1 c4 21. a4 h5
22. axb5 axb5 23. h4 Kg7 24. Ra7 Qb8 25. Ra1 Rh8 26. Ra5 Qc7 27. Ra7 Qb6 28.
Ra1 Ng4 29. Nxg4 hxg4 30. Qxg4 Rxh4 31. Rxd6 Bxd6 32. Nf5+ Kg8 33. Nxh4 Bc5 34.
Qe2 Bxe4 35. Qxe4 1-0